000 01442nam0a22002531 4500
001 rc\895872
005 20041129094219.2
035 _a(NLR Aleph) 006072093
090 _a5012180
_c5012180
100 _a20041129d1983 u |0rusy50 ca
101 0 _arus
102 _aRU
105 _aa |||||||||
200 1 _aПутеводитель по Музею боевой славы 2-го гвардейского механизированного корпуса при 42-й средней спецшколе Севастопольского района Москвы
_fМоск. секция Сов. ком. ветеранов войны, Совет ветеранов 2-го гвардейского Николаев.-Будапешт. механизир. корпуса
_gСост. М.К. Кузьмин и др.
210 _aМ.
_cХудожник РСФСР
_d1983
215 _a30 с.
_cил.
_d21
702 1 _aКузьмин
_bМ. К.
_gМихаил Кузьмич
_4220
710 0 2 _aМузей боевой славы 2-го Николаевско-Будапештского гвардейского механизированного корпуса
_cМосква
712 0 2 _aНиколаевско-Будапештский гвардейский механизированный корпус
_c2
_3RU\NLR\AUTH\889998316
801 0 _aRU
_bNLR
_gpsbo
801 1 _aRU
_bELAR
_2rusmarc
852 _aNLR
_j84-6/3365
942 _cBOOK
980 _aNB